Central Library OPAC University of Rajshahi

The bachelors / (Record no. 18659)

MARC details
000 -LEADER
fixed length control field 00651cam a22002411 4500
001 - CONTROL NUMBER
control field 18659
003 - CONTROL NUMBER IDENTIFIER
rucl marc code BD-RjUL
005 - DATE AND TIME OF LATEST TRANSACTION
control field 20211209000321.0
008 - FIXED-LENGTH DATA ELEMENTS--GENERAL INFORMATION
fixed length control field 140222r19671960pau 000 1 eng
035 ## - SYSTEM CONTROL NUMBER
System control number (BD-RjUL)18717
System control number (OCoLC)366861
040 ## - CATALOGING SOURCE
Original cataloging agency DLC
Transcribing agency ODaWU
Modifying agency OCoLC
-- DLC
-- BD-RjUL
Language of cataloging eng
041 ## - LANGUAGE CODE
Language code of text/sound track or separate title eng
082 ## - DEWEY DECIMAL CLASSIFICATION NUMBER
Classification number 823.9
Author mark and year SPB
100 1# - MAIN ENTRY--PERSONAL NAME
Personal name Spark, Muriel.
9 (RLIN) 56711
245 14 - TITLE STATEMENT
Title The bachelors /
Statement of responsibility, etc. Murial Spark
260 ## - PUBLICATION, DISTRIBUTION, ETC. (IMPRINT)
Place of publication, distribution, etc. Philadelphia :
Name of publisher, distributor, etc. Lippincott,
Date of publication, distribution, etc. c1960 [reprinted 1967]
300 ## - PHYSICAL DESCRIPTION
Pagination 219 p. ;
Size 21 cm.
650 ## - SUBJECT ADDED ENTRY--TOPICAL TERM
Form subdivision Bachelores
9 (RLIN) 57464
942 ## - ADDED ENTRY ELEMENTS (KOHA)
Source of classification or shelving scheme Dewey Decimal Classification
Koha item type Books
Holdings
Lost status Source of classification or shelving scheme Damaged status Not for loan Collection code Permanent Location Current Location Shelving location Date acquired Source of acquisition Cost, normal purchase price Total Checkouts Full call number Date last seen Copy number Koha item type
  Dewey Decimal Classification   Not For Loan Fiction Central Library, University of Rajshahi Central Library, University of Rajshahi Reading Room 06/03/1970 Zeit 25.00   823.9 SPB 1967 22/02/2014 C-1 Books